An introduction to environmental education / (Record no. 1457)

000 -LEADER
fixed length control field 01054nam a22002057a 4500
003 - CONTROL NUMBER IDENTIFIER
control field OSt
005 - DATE AND TIME OF LATEST TRANSACTION
control field 20141213145537.0
008 - FIXED-LENGTH DATA ELEMENTS--GENERAL INFORMATION
fixed length control field 141213b xxu||||| |||| 00| 0 eng d
020 ## - INTERNATIONAL STANDARD BOOK NUMBER
International Standard Book Number 9789966846136
040 ## - CATALOGING SOURCE
Original cataloging agency LoC
Language of cataloging English
050 ## - LIBRARY OF CONGRESS CALL NUMBER
Classification number GF26.15 .O85 2007
100 ## - MAIN ENTRY--PERSONAL NAME
Personal name Otiende, J. (ed..).
245 ## - TITLE STATEMENT
Title An introduction to environmental education /
Statement of responsibility, etc Otiende, J., Ezaza, W. and Boisvert, R.
260 ## - PUBLICATION, DISTRIBUTION, ETC. (IMPRINT)
Place of publication, distribution, etc Nairobi
Name of publisher, distributor, etc University of Nairobi Press
Date of publication, distribution, etc 2007
300 ## - PHYSICAL DESCRIPTION
Extent Xi.; 339pgs
Other physical details ill.+ tables
501 ## - WITH NOTE
With note Includes index and bibliography
504 ## - BIBLIOGRAPHY, ETC. NOTE
Bibliography, etc Introduction---Environmental education in perspective---Teaching environmental education---the earth: its environment systems and resources---Human population and the environment---Human settlement---technology and the environment---development and the environment---Industrial pollution and its effects on the environment---Perspectives on the African environment and development---Policies and laws affecting the environment.
700 ## - ADDED ENTRY--PERSONAL NAME
Personal name Ezaza, W.P. and Boisvert, R. (ed..).
942 ## - ADDED ENTRY ELEMENTS (KOHA)
Source of classification or shelving scheme
Koha item type Book
Holdings
Withdrawn status Lost status Source of classification or shelving scheme Damaged status Not for loan Home library Current library Shelving location Date acquired Total Checkouts Full call number Barcode Date last seen Date checked out Copy number Price effective from Koha item type
          Riara University Library Riara University Library General stack 13/12/2014 1 GF26.15.O85 2007 5193/14 15/12/2014 15/12/2014 C.1 13/12/2014 Book
          Riara University Library Riara University Library General stack 13/12/2014 2 GF26.15.O85 2007 5192/14 09/10/2019 23/09/2019 C.2 13/12/2014 Book
          Riara University Library Riara University Library General stack 13/12/2014 2 GF26.15.O85 2007 5191/14 20/11/2019 19/11/2019 C.3 13/12/2014 Book

Riara University Library,
P.O. Box 49940-00100,
Nairobi, Kenya.